Változások a munkanélküliek ellátásában.
Nové zákonné opatrenia v oblasti zabezpečenia nezamestnaných v Maďarsku. Úloha a podiel štátu, zamestnávateľov a podnikateľov na trhu práce, aj v oblasti sociálneho zabezpečenia nezamestnaných. Založenie Solidárnej nadácie.
Gespeichert in:
| 1. Verfasser: | |
|---|---|
| Format: | Buchkapitel |
| Sprache: | Ungarisch |
| Schlagworte: | |
| Tags: |
Keine Tags, Fügen Sie das erste Tag hinzu!
|
MARC
| LEADER | 00000naa a2200000 4500 | ||
|---|---|---|---|
| 001 | r005312 | ||
| 005 | 20221125113958.6 | ||
| 041 | 0 | |a hun | |
| 044 | |a HU | ||
| 245 | 1 | 0 | |a Változások a munkanélküliek ellátásában. |c K. Kendra |
| 520 | |a Nové zákonné opatrenia v oblasti zabezpečenia nezamestnaných v Maďarsku. Úloha a podiel štátu, zamestnávateľov a podnikateľov na trhu práce, aj v oblasti sociálneho zabezpečenia nezamestnaných. Založenie Solidárnej nadácie. | ||
| 610 | 2 | 0 | |a podpory v nezamestnanosti |
| 610 | 2 | 0 | |a trh práce |
| 610 | 2 | 0 | |a MR |
| 610 | 2 | 0 | |a zákony |
| 610 | 2 | 0 | |a zabezpečenie sociálne |
| 610 | 2 | 0 | |a dôchodky starobné |
| 100 | 1 | |a Kendra, K. | |